LEADER 00620cam 22001937i 4500 001 991004251335107536 005 20220919133431.0 008 941123s-------- e b ita 040 $aBibl. Interfacoltà T. Pellegrino$bita 082 $a230.1 100 0 $aTommaso : d'Aquino$c$0290144 245 1 $aDe regimine principum /$cTommaso di Aquino; traduzione e introduzione di Antero Meozzi 260 $aLanciano :$bCarabba,$c1933 300 $a208 p. ;$c20 cm 490 2 $aCultura dell'anima 700 1 $aMeozzi, Antero 912 $a991004251335107536 996 $aDe regimine principum$919494 997 $aUNISALENTO LEADER 01690nam 2200385 450 001 9910172603703321 005 20171006080617.0 010 $a1-5044-0393-2 035 $a(CKB)3710000001362050 035 $a(WaSeSS)IndRDA00078421 035 $a(NjHacI)993710000001362050 035 $a(EXLCZ)993710000001362050 100 $a20171006d1962 || | 101 0 $aeng 135 $aur||||||||||| 181 $ctxt$2rdacontent 182 $cc$2rdamedia 183 $acr$2rdacarrier 200 00$aAIEE standard for semiconductor rectifier components 210 1$aNew York :$cIEEE,$d1962. 215 $a1 online resource (31 pages) 330 $aDefinitions given herein apply specifically to semiconductor components used for rectification or control of electric power, or both. For the purpose of this standard, a semiconductor rectifier component is a semiconductor rectifier cell, rectifier diode, or rectifier stack. Note that the name of the actual semiconductor material (selenium, silicon, etc.) may be substituted in place of the word "semiconductor" in the name of the components.Only those definitions likely to be needed by the user are included. 606 $aSemiconductor rectifiers$xStandards 606 $aElectric current rectifiers$xStandards 606 $aElectric current rectifiers 615 0$aSemiconductor rectifiers$xStandards. 615 0$aElectric current rectifiers$xStandards. 615 0$aElectric current rectifiers. 676 $a621.3815322 801 0$bWaSeSS 801 1$bWaSeSS 906 $aDOCUMENT 912 $a9910172603703321 996 $aAIEE standard for semiconductor rectifier components$92576726 997 $aUNINA LEADER 02924nam 2200541 450 001 9910824491203321 005 20200520144314.0 010 $a1-119-09507-7 010 $a1-119-09499-2 035 $a(CKB)3710000000604082 035 $a(EBL)4418751 035 $a(Au-PeEL)EBL4418751 035 $a(CaPaEBR)ebr11161514 035 $a(CaONFJC)MIL900906 035 $a(OCoLC)940965598 035 $a(CaSebORM)9781119095033 035 $a(MiAaPQ)EBC4418751 035 $a(EXLCZ)993710000000604082 100 $a20160301h20162016 uy| 0 101 0 $aeng 135 $aur|n|---||||| 181 $ctxt$2rdacontent 182 $cc$2rdamedia 183 $acr$2rdacarrier 200 14$aThe lean entrepreneur $ehow visionaries create products, innovate with new ventures, and disrupt markets /$fBrant Cooper, Patrick Vlaskovits 205 $aSecond edition. 210 1$aHoboken, New Jersey :$cWiley,$d[2016] 210 4$d©2016 215 $a1 online resource (273 p.) 300 $aDescription based upon print version of record. 311 $a1-119-09503-4 320 $aIncludes bibliographical references and index. 327 $aIntroduction -- Startup revolution -- Lean into change -- All the fish in the sea -- Wading in the value stream -- Core lean entrepreneur -- The lean journey -- The final word. 330 $aThe Lean Entrepreneur, Second Edition banishes the "Myth of the Visionary" and shows you how you can implement proven, actionable techniques to create products and disrupt existing markets on your way to entrepreneurial success. The follow-up to the New York Times bestseller, this great guide combines the concepts of customer insight, rapid experimentation, and actionable data from the Lean Startup methodology to allow individuals, teams, or even entire companies to solve problems, create value, and ramp up their vision quickly and efficiently. The belief that innovative outliers like Steve Jobs and Bill Gates have some super-human ability to envision the future and build innovative products to meet needs that have yet to arise is a fallacy that too many fall prey to. This 'Myth of the Visionary' does nothing but get in the way of talented managers, investors, innovators, and entrepreneurs. Taking a proven, measured approach, The Lean Entrepreneur will have you engaging customers, reducing time to market and budgets, and stressing your organization's focus on the power of loyal customers to build powerhouse new products and companies. 606 $aEntrepreneurship 606 $aSuccess in business 615 0$aEntrepreneurship. 615 0$aSuccess in business. 676 $a658.4/21 700 $aCooper$b Brant$0721100 702 $aVlaskovits$b Patrick 801 0$bMiAaPQ 801 1$bMiAaPQ 801 2$bMiAaPQ 906 $aBOOK 912 $a9910824491203321 996 $aThe lean entrepreneur$94045491 997 $aUNINA